000 00379nam a2200169Ia 4500
001 9452
003 IN-NITTTR
005 20251114233047.0
008 251113s9999||||xx |||||||||||||| ||eng||
040 _beng
040 _cIN-NITTTR
041 _aeng
082 _a669.2 W323S
100 _aWatkins, W.
245 0 _aSheet metal fabrication. /
_cWatkins, W.
942 _2ddc
_cBK
999 _c12089
_d12089